000 01084nam a22002777a 4500
005 20240524113536.0
008 130821s2010 sp ao gr spa
020 _a9788478855179
040 _aCo-BoUCM
_bspa
_cDavid Moreno (modificó)
_dDavid Moreno (modificó)
041 0 0 _aspa
060 0 0 _aWE 250
100 1 _aBartl, Reiner
_9167501
245 1 0 _aOsteoporosis diagnóstico, prevención, tratamiento
_cReiner Bartl y Bertha Frisch ; colaboración de Christoph Bartl ; traducción de Silvia Girimonti Azpiroz
250 _a2a ed.
260 _aMadrid (España)
_bLibros Princeps
_c2010
300 _ax, 323 páginas
_bilustraciones (algunas en color), cuadros, fotografías (algunas en color)
490 0 _aBiblioteca aula médica
650 0 4 _aEnfermedades de los huesos
_914329
650 0 4 _aOrtopedia
_926544
650 0 4 _aOsteoporosis
_vDiagnostico
_920937
700 1 _aBartl, Christoph
_9167502
700 1 _aFrisch, Bertha
_9167503
700 1 _aGirimonti Azpiroz, Silvia
_9167504
765 _tOsteoporosis
942 _cLIBRO
_2NLM
_a15
_e2
_hWE 250
_mB289o
_n0
999 _c69808
_d69808